| 000 | 01397cam a22002891i 4500 | ||
|---|---|---|---|
| 003 | SA-RiAUC | ||
| 005 | 20250704145830.0 | ||
| 008 | 250702s1997 le g 00000 ara c | ||
| 040 |
_aSA-RiAUC _bara _cSA-RiAUC _erda |
||
| 050 | 4 | _bA38 1997 | |
| 082 | 0 | 4 |
_a258.1 _qSA-RiAUC |
| 090 |
_a258.1 _b ر ا ز |
||
| 100 | 1 |
_aالرازي، محمد بن أبي بكر بن عبد القادر، _dتوفي بعد 666 هجري. _eمؤلف. |
|
| 245 | 1 | 0 |
_aتحفة الملوك في فقه مذهب الإمام أبي حنيفة النعمان / _cتأليف زين الدين بن أبي بكر بن عبد القادر الرازي ؛ اعتني بإخراجه وعلق عليه على مسائله عبد الله نذير أحمد. |
| 250 | _aالطبعة الأولى. | ||
| 264 | 1 |
_aبيروت : _bدار البشائر الإسلامية، _c1997 |
|
| 300 |
_a311 صفحة ؛ _c24 سم |
||
| 336 |
_aنص _btxt _2rdacontent _3كتاب |
||
| 337 |
_aبدون وسيط _bn _2rdamedia |
||
| 338 |
_aمجلد _bnc _2rdacarrier |
||
| 600 | 1 | 7 |
_aأبو حنيفة، النعمان بن ثابت التيمي، _d80-150 هجري _2aucnm |
| 650 | 7 |
_aالفقه الحنفي _2aucsh |
|
| 650 | 7 |
_aالفقه الإسلامي _xمذاهب _2aucsh |
|
| 700 | 1 |
_aمزي، عبد الله نذير أحمد _eمراجع. |
|
| 942 |
_2ddc _cBOOK _n0 |
||
| 949 |
_aSA-JeALM _d250702 _umohamedma123 _n1 |
||
| 999 |
_c9444 _d9444 |
||